| 000 | 00946cam a22002895a 4500 | ||
|---|---|---|---|
| 001 | 18793374 | ||
| 005 | 20161018110143.0 | ||
| 008 | 150923s2016 enka frb 001 0 eng d | ||
| 020 | _a9781118823699 | ||
| 020 | _a1118823699 | ||
| 040 |
_aDLC _beng _cDLC _dEG-ScBUE _dEG-ScBUE |
||
| 082 | 0 | 4 |
_223 _a363.25963 _bROS |
| 100 | 1 |
_aRoss, Ian, _d1959- _940826 |
|
| 245 | 1 | 0 |
_aExposing fraud : _bskills, process and practicalities / _cIan Ross. |
| 260 |
_aChichester : _bJohn Wiley & Sons, _c2016. |
||
| 300 |
_axxiii, 256 p. : _bill. ; _c24 cm. |
||
| 490 | 0 | _aWiley corporate F & A. | |
| 500 | _aIndex : p. 247-256. | ||
| 504 | _aBibliography : p. 242-246. | ||
| 650 | 7 |
_aFraud. _2BUEsh _940829 |
|
| 650 | 7 |
_aFraud _xPrevention. _2BUEsh _940830 |
|
| 650 | 7 |
_aFraud investigation. _2BUEsh _940831 |
|
| 650 | 7 |
_aAuditing, Internal. _2BUEsh _940828 |
|
| 651 | _2BUEsh | ||
| 653 |
_bBUSADM _cAugust 2016 _cOctober2016 |
||
| 942 |
_2ddc _e22 _k363.25963 ROS |
||
| 999 |
_c22212 _d22184 |
||